Axial Skeleton - Skull mo toh - Statistics

General Stats
  • This quiz has been taken 7 times
  • The average score is 16 of 32
Answer Stats
Hint Answer % Correct
oval opening in the greater wing foramen ovale
80%
flat, sieve-like area on the roof of the nasal cavity; tiny holes = smell nerves pass cribriform plate
60%
Large hole at the skull's base, where the spinal cord connects to the brainstem foramen magnum
60%
small round hole just posterolateral to foramen ovale foramen spinosum
60%
only bone that doesn't articulate with any other; attachment site for muscles involve in swallowing and phonation hyoid
60%
rounded bump behind the ear; attachment for neck muscles mastoid process
60%
thin, pointed projection below the ear; anchor for tongue and throat muscle styloid
60%
passageway for blood and nerves to the forehead area supraorbital foramen
60%
bridge-like projection extending toward the cheekbone; part of zygomatic arch zygomatic process
60%
passage in the temporal bone; carries internal carotid artery into the cranial cavity carotid canal
60%
vertical ridge projecting upward fro from the C plate; attachment for falx cerebri, achors the brian in place crista galli
60%
ear opening/canal external acoustic meatus
60%
I eat bone incus
60%
M ear bone malleus
60%
opening in the lesser wing optic canal
60%
S ear bone stapes
60%
thin, vertical bony plate that forms the upper part of the nasal septum; divides nasal cavity into left and right passages nasal septum
40%
saddle-shaped depression on the superioir surface; houses pituitary gland sella turcica
40%
flat, upper portion of the temporal bone squamous region
40%
contribute to upper part of eye socket supraorbital margin
40%
round opening anteroir to foramen ovale foramen rotundum
40%
ridge between two suborbital margins glabella
40%
broad, curved portion forming part og the skull's lateral wall and the floor of the middle cranial fossa greater wing
40%
Small tunnel near each occipital condyle; pathway for the hypoglossal nerve hypoglossal canal
40%
irregular opening between the occipital and temporal bones jugular foramen
40%
thin,ridge-like plate above the superioir orbital fissure, forms part of the roof lesser wing
40%
oldest special sensory modality--smell olfaction
40%
ROS = the trigeminal pathway rotundum ovale spinosum
40%
region located around the ear canal tympanic region
40%
smooth oval surfaces beside large occipital foramen occipital condyles
20%
pair of downward-pointing projections below the skull; attachment site for chewing muscles pterygoid Process
20%
taste gustation
20%
No matching quizzes found
Score Distribution
Percent of People with Each Score
Percentile by Number Answered
Your Score History
You have not taken this quiz